Léxico sobre la acción sociocultural /
ISBN:
84-87144-42-X
Descripción Física:
64 pàgines ; 24 cm.
Materias:
Animació sociocultural -- Terminologia
; Sociologia -- Metodologia
; Castella administratiu -- Glossaris, vocabularis, etc.
Idioma:
Catalán
MARC
| LEADER | 00000nam a2200000uc 4500 | ||
|---|---|---|---|
| 001 | 92006251 | ||
| 008 | s1995||||sp ||||gr|||| ||| ||cat|d | ||
| 020 | |a 84-87144-42-X | ||
| 040 | |a BGR |b cat | ||
| 100 | |a Santcovsky, Héctor |9 525 | ||
| 245 | 0 | 0 | |a Léxico sobre la acción sociocultural / |c Héctor Santcovsky |
| 250 | |a Primera edición | ||
| 260 | |a Cádiz : |b Fundación Provincial de Cultura de la Diputación de Cádiz, |c 1995 | ||
| 300 | |a 64 pàgines ; |c 24 cm. | ||
| 504 | |a Bibliografia | ||
| 650 | 1 | 0 | |a Animació sociocultural |v Terminologia |9 3896 |
| 650 | 1 | 0 | |a Sociologia |x Metodologia |9 53650 |
| 650 | 1 | 0 | |a Castella administratiu |v Glossaris, vocabularis, etc. |9 6830 |
| 710 | 1 | |a Cadis (Andalusia : Província). |b Diputación Provincial |9 53651 | |
| 942 | |c ARXIU |2 udc |n 1 | ||
| 952 | |0 0 |1 0 |4 0 |7 1 |9 62570 |a Arxiu |b Arxiu |d 2022-06-29 |o Bib-728 |p 26088 |r 2022-06-29 00:00:00 |w 2022-06-29 |y ARXIU |z Donatiu BGR | ||
| 999 | |c 18332 |d 18332 | ||